MARC

LEADER 00000nam0a2200000 4500
001 672399
005 20240506150331.0
090 |a 672399 
100 |a 20240506d1960 k||y0rusy50 ca 
101 0 |a rus 
102 |a RU 
105 |a a z 001zy 
181 0 |a i   |b  e  
182 0 |a n 
183 0 |a nc  |2 RDAcarrier 
200 1 |a Материалы по геологии газоносных районов СССР  |e сборник   |f Всесоюзный научно-исследовательский институт природных газов (ВНИИГАЗ); под ред. Н. Д. Елина, Р. М. Пистрак 
203 |a Текст  |b визуальный  |c непосредственный 
210 |a Москва  |c Гостоптехиздат  |d 1960 
215 |a 292 с.  |c ил. 
225 1 |a Труды [Всесоюзного научно-исследовательского института природных газов] ВНИИГАЗ  |v Вып. 10 (18) 
283 |a volume  |2 RDAcarrier 
320 |a Библиография в конце глав. 
606 1 |a Газоносные районы  |x Геология  |2 stltpush  |3 (RuTPU)RU\TPU\subj\33825  |9 33251 
610 1 |a перспективы 
610 1 |a Европейская часть СССР 
610 1 |a Северный Кавказ 
610 1 |a Днепровско-Донецкая впадина 
610 1 |a стратиграфия 
610 1 |a Степной Крым 
610 1 |a Восточный Крым 
610 1 |a Приволжская возвышенность 
610 1 |a геологическое строение 
610 1 |a генезис 
610 1 |a природные газы 
610 1 |a состав 
610 1 |a тектоника 
610 1 |a геоморфология 
675 |a 553.981  |v 3 
702 1 |4 340  |a Елин  |b Н. Д. 
702 1 |4 340  |a Пистрак  |b Р. М. 
712 0 2 |a Всесоюзный научно-исследовательский институт природных газов  |c (Москва)  |3 (RuTPU)RU\TPU\col\16396  |9 24500 
801 1 |a RU  |b 63413507  |c 20240506 
801 2 |a RU  |b 63413507  |c 20141216  |g RCR 
942 |c CR